000 00769nam a22001817a 4500
003 BD-DhUL
005 20190129114558.0
008 190129s2003 nyua|||| |||| 00| 0 eng d
040 _aBD-DhUL
_cBD-DhUL
082 _a338.17498
_bUNF
110 1 _aUnited Nations. Economic Commission for Europe. Food and Agriculture Organization of the United Nations.
245 1 0 _aForest products statistics
_b= Statistiques des produits forestiers, 1997-2001 : Vol. 55 (2002) No. 2 /
_cUnited Nations. Economic Commission for Europe. Food and Agriculture Organization of the United Nations.
260 _aNew York ; Geneva :
_bUnited Nations,
_c2003.
300 _av. :
_bill. ;
_c30 cm.
500 _a"Timber bulletin"
650 0 _aForest products.
942 _2ddc
_cBK
999 _c246019
_d246019